000 00619nam a2200241Ia 4500
003 OSt
005 20221007075948.0
006 a|||||r|||| 00| 0
007 ta
008 221006b |||||||| |||| 00| 0 eng d
020 _a0761932410
024 _a9,522
037 _cTextual
040 _aFLL
_cFLL
_beng
041 _2eng
_aeng
082 _aY11, P4
100 _aKumari Ved
245 0 _aCreative child advocacy global perspectives
260 _aNew Delhi
_bSAGE Publications India
_c2004
300 _a347p
_ccm.
942 _hY11, P4
_cTEXL
_2CC
999 _c1157948
_d1157948